Poverty alleviation in contemporary china (Record no. 588528)
[ view plain ]
| 000 -LEADER | |
|---|---|
| fixed length control field | 00354nam a22001217a 4500 |
| 082 ## - DEWEY DECIMAL CLASSIFICATION NUMBER | |
| Classification number | 339.46 |
| Author Mark | POV 2019 |
| 100 ## - MAIN ENTRY--PERSONAL NAME | |
| Personal name | Wang Sangui |
| 245 ## - TITLE STATEMENT | |
| Title | Poverty alleviation in contemporary china |
| Statement of responsibility, etc. | Wang Sangui (ed) |
| 260 ## - PUBLICATION, DISTRIBUTION, ETC. | |
| Place of publication, distribution, etc. | Beijing |
| Name of publisher, distributor, etc. | China Renmin University Press |
| 300 ## - PHYSICAL DESCRIPTION | |
| Extent | 298p |
| 942 ## - ADDED ENTRY ELEMENTS (KOHA) | |
| Source of classification or shelving scheme | |
| Koha item type | Book |
| Withdrawn status | Lost status | Source of classification or shelving scheme | Damaged status | Not for loan | Permanent Location | Current Location | Shelving location | Date acquired | Total Checkouts | Full call number | Barcode | Date last seen | Price effective from | Koha item type |
|---|---|---|---|---|---|---|---|---|---|---|---|---|---|---|
| Centre for International Peace & Stability (CIPS) | Centre for International Peace & Stability (CIPS) | General Stacks | 03/02/2022 | 339.46 POV 2019 | CIPSD0000652 | 03/02/2022 | 03/02/2022 | Book |
